Welcome to the Holygrace Academy Library

Please use search bar below to get started

I TOO HAD A LOVE STORY (Record no. 3381)

MARC details
000 -LEADER
fixed length control field 00618nam a22001457a 4500
020 ## - INTERNATIONAL STANDARD BOOK NUMBER
ISBN 978-0-143-41876-4
082 ## - DEWEY DECIMAL CLASSIFICATION NUMBER
Classification number 823
Item number SIN/I
100 ## - MAIN ENTRY--AUTHOR NAME
Personal name SINGH,RAVINDER
245 ## - TITLE STATEMENT
Title I TOO HAD A LOVE STORY
260 ## - PUBLICATION, DISTRIBUTION, ETC. (IMPRINT)
Place of publication HARYANA
Name of publisher PENGUIN BOOKS
300 ## - PHYSICAL DESCRIPTION
Number of Pages 199
520 ## - SUMMARY, ETC.
Summary, etc It's about two strangers, the main characters, Ravin and Khushi. They both meet each other on a matrimonial site. And from there, they fall in love with each other establishing a soft feeling of adoration for the novel in the reader's heart. This story isn't the one where love happens at first sight.
650 ## - SUBJECT ADDED ENTRY--TOPICAL TERM
Topical Term ENGLISH NOVEL
Geographic subdivision INDIA
942 ## - ADDED ENTRY ELEMENTS (KOHA)
Koha item type Books
Holdings
Withdrawn status Lost status Collection code Home library Current library Shelving location Date acquired Source of acquisition Full call number Accession Number Koha item type
    Fiction Main Library Main Library SHELF 2-J-ENGLISH NOVELS FOR TEACHERS 08/11/2016 PURCHASE 823 SIN/I 09866 Books